banner-ar

RETHINKING THIRD WORLD POLITICS / (Record no. 14421)

MARC details
000 -الفاتح
حقل البيانات ثابتة الطول 00481nam a2200169Ia 4500
008 - عناصر البيانات ثابتة الطول - معلومات عامة
حقل البيانات ثابتة الطول 140319s9999 xx 000 0 eng d
040 ## - مصدر الفهرسة
وكالة الفهرسة الأصلية GCL /
وكالة النسخ GCL
082 04 - رقم تصنيف ديوى العشرى
رقم التصنيف 320.91724
رقم المادة M R
100 1# - المدخل الرئيسى - إسم شخصى
الإسم الشخصى MANOR, JAMES
245 10 - بيان العنوان
العنوان RETHINKING THIRD WORLD POLITICS /
بيان المسئوليه,etc MANOR, JAMES
260 ## - PUBLICATION, DISTRIBUTION, ETC. (IMPRINT)
تاريخ النشر أو التوزيع 1991
300 ## - الوصف المادى
التعداد 283 P
650 04 - المدخل الاضافى بالموضوع-مصطلح موضوعى
مصطلح موضوعي DEVELOPING COUNTRIES - POLITICS
650 04 - المدخل الاضافى بالموضوع-مصطلح موضوعى
مصطلح موضوعي DEVELOPING COUNTRIES - GOVERNMET
942 ## - عناصر المدخل الإضافي( كوها)
مصدر التصنيف او مخطط الترفيف Dewey Decimal Classification
Koha [default] item type كتاب
260 ## - PUBLICATION, DISTRIBUTION, ETC. (IMPRINT)
-- [S.N] :
-- LONGMAN GROUP UK LIMITED ،
Holdings
حالة التراجع حالة الفقد حالة تلف ليس للاعارة المكان المؤقت الموقع الحالى تاريخ الاكتساب اجمالي اﻻعارات رقم الطلب الباركود تاريخ اخر مشاهدة تاريخ تفعيل السعر نوع وعاء كوها
        مكتبة القاهرة الكبرى مكتبة القاهرة الكبرى 03/26/2014   320.91724\M R 27088 03/26/2014 03/26/2014 كتاب

Powered By

EGPV